จดหมายเหตุพระบาทสมเด็จพระจุลจอมเกล้าเจ้าอยู่หัวเสด็จประพาสประเทศสวีเดนและนอรเว รัตนโกสินทรศก 116 (ระเบียนเลขที่ 8117)
| 000 -LEADER | |
|---|---|
| fixed length control field | 02152nam a22003017a 4500 |
| 005 - DATE AND TIME OF LATEST TRANSACTION | |
| control field | 20210325175946.0 |
| 008 - FIXED-LENGTH DATA ELEMENTS--GENERAL INFORMATION | |
| fixed length control field | s2542 th thaeng |
| 020 ## - INTERNATIONAL STANDARD BOOK NUMBER | |
| International Standard Book Number | 9747506181 |
| 040 ## - CATALOGING SOURCE | |
| Original cataloging agency | ์NALT |
| 041 ## - LANGUAGE CODE | |
| Language code of text/sound track or separate title | thaeng |
| 050 ## - LIBRARY OF CONGRESS CALL NUMBER | |
| Classification number | DS 582 |
| Item number | จ657ศ26 2542 |
| 245 00 - TITLE STATEMENT | |
| Title | จดหมายเหตุพระบาทสมเด็จพระจุลจอมเกล้าเจ้าอยู่หัวเสด็จประพาสประเทศสวีเดนและนอรเว รัตนโกสินทรศก 116 |
| 246 02 - VARYING FORM OF TITLE | |
| Title proper/short title | A chronicle of King Chulalongkorn's royal visit of Sweden and Norway Rattanakosin Era 116 |
| 260 ## - PUBLICATION, DISTRIBUTION, ETC. | |
| Place of publication, distribution, etc. | กรุงเทพฯ |
| Name of publisher, distributor, etc. | ม.ป.พ., |
| Date of publication, distribution, etc. | 2542 |
| 300 ## - PHYSICAL DESCRIPTION | |
| Extent | 100 หน้า : |
| Other physical details | ภาพประกอบ ; |
| Dimensions | 29 ซม. |
| 650 04 - SUBJECT ADDED ENTRY--TOPICAL TERM | |
| Topical term or geographic name entry element | ไทย -- ความสัมพันธ์กับต่างประเทศ -- สวีเดน |
| 650 04 - SUBJECT ADDED ENTRY--TOPICAL TERM | |
| Topical term or geographic name entry element | จุลจอมเกล้าเจ้าอยู่หัว, พระบาทสมเด็จพระ, 2396--2453 |
| 650 04 - SUBJECT ADDED ENTRY--TOPICAL TERM | |
| Topical term or geographic name entry element | จุลจอมเกล้าเจ้าอยู่หัว, พระบาทสมเด็จพระเจ้าอยู่หัว -- พระราชกรณียกิจ |
| 650 04 - SUBJECT ADDED ENTRY--TOPICAL TERM | |
| Topical term or geographic name entry element | นอรเว -- ภูมิประเทศและการท่องเที่ยว |
| 650 04 - SUBJECT ADDED ENTRY--TOPICAL TERM | |
| Topical term or geographic name entry element | วิกฤตการณ์ ร.ศ.112 |
| 650 04 - SUBJECT ADDED ENTRY--TOPICAL TERM | |
| Topical term or geographic name entry element | สวีเดน -- ภูมิประเทศและการท่องเที่ยว |
| 650 04 - SUBJECT ADDED ENTRY--TOPICAL TERM | |
| Topical term or geographic name entry element | ไทย -- การเมืองการปกครอง -- กรุงรัตนโกสินทร์ยุคหลัง -- รัชกาลที่ 5 -- 2411--2453 |
| 650 04 - SUBJECT ADDED ENTRY--TOPICAL TERM | |
| Topical term or geographic name entry element | ไทย -- ความสัมพันธ์กับต่างประเทศ -- นอรเว |
| 650 04 - SUBJECT ADDED ENTRY--TOPICAL TERM | |
| Topical term or geographic name entry element | ไทย -- ประวัติศาสตร์ -- กรุงรัตนโกสินทร์ยุคหลัง -- รัชกาลที่ 5 -- 2411--2453 |
| 850 ## - HOLDING INSTITUTION | |
| Holding institution | NALT |
| 942 ## - ADDED ENTRY ELEMENTS (KOHA) | |
| Koha item type | General Book |
| Source of classification or shelving scheme | Library of Congress Classification |
| Withdrawn status | Lost status | Damaged status | Not for loan | Collection code | Home library | Current library | Total Checkouts | Full call number | Barcode | Date last seen | Copy number | Price effective from | Koha item type |
|---|---|---|---|---|---|---|---|---|---|---|---|---|---|
| General Book collection | National Assembly Library of Thailand | National Assembly Library of Thailand | DS 582 จ657ศ26 2542 | 3961126772 | 09/06/2017 | c. 2 | 09/06/2017 | General Book | |||||
| General Book collection | National Assembly Library of Thailand | National Assembly Library of Thailand | DS 582 จ657ศ26 2542 | 3961126771 | 09/06/2017 | c. 1 | 09/06/2017 | General Book |
